European Capitals Quiz - Statistics

General Stats
  • This quiz has been taken 16 times
    13 since last reset
  • The average score is 34 of 45
Answers on the Map
Answers color-coded by a green-red scale on the quiz's map according to % correct below.
 
Answer Stats
Answer % Correct
Amsterdam
91%
Berlin
91%
Athens
82%
Bern
82%
Brussels
82%
Budapest
82%
Copenhagen
82%
Dublin
82%
Kiev
82%
London
82%
Luxembourg
82%
Monaco
82%
Oslo
82%
Paris
82%
Reykjavik
82%
San Marino
82%
Stockholm
82%
Warsaw
82%
Andorra la Vella
73%
Belgrade
73%
Bratislava
73%
Bucharest
73%
Helsinki
73%
Lisbon
73%
Madrid
73%
Minsk
73%
Moscow
73%
Prague
73%
Riga
73%
Rome
73%
Sarajevo
73%
Tallinn
73%
Vatican City
73%
Vilnius
73%
Chișinău
64%
Ljubljana
64%
Podgorica
64%
Pristina
64%
Skopje
64%
Sofia
64%
Tirana
64%
Vaduz
64%
Valletta
64%
Vienna
64%
Zagreb
64%
No matching quizzes found
Score Distribution
Percent of People with Each Score
Percentile by Number Answered
Your Score History
You have not taken this quiz since the last reset